000 00414nam a22001697a 4500
003 MPLRDC
005 20220104113852.0
008 210129b ||||| |||| 00| 0 eng d
082 _a861.57 CDKC-14 c.2
100 _a川端康成
245 _a名人
_c刘华亭译
260 _a
_b星光出版社
_c
300 _b
490 _a名著精选
650 _a日本现代小说
942 _cBK
_o861.57 CDKC-14 c.2
999 _c2989
_d2979